Tự học đàm thoại tiếng Anh theo băng, đĩa hình, tập 1

Zapisane w:
Opis bibliograficzny
Format: Książka
Etykiety: Dodaj etykietę
Nie ma etykietki, Dołącz pierwszą etykiete!
Thư viện lưu trữ: Mạng thư viện Đại học Đà Nẵng
LEADER 00464nam a22001691a 4500
001 000037273
003 13568
005 20160412020323.0
008 160412s0 000
082 |a 4A(07)235 
245 |a Tự học đàm thoại tiếng Anh theo băng, đĩa hình, tập 1  |c Nguyễn Thành Yến 
OWN |a LNN 
999 |a From the UDN01 
TYP |a Monograph 
980 |a Mạng thư viện Đại học Đà Nẵng